Sports Quiz

Random Sports or Baseball Quiz
Score 0/300 Timer 20:00
3 Plays Today
Name % Correct
Barry Bonds
97.4%
Babe Ruth
97.1%
Bobby Bonds
97.1%
Hank Aaron
97%
Willie Mays
95.8%
Ted Williams
95.3%
Alex Rodriguez
95.2%
Billy Williams
95.2%
Bernie Williams
95.1%
Matt Williams
95.1%
Ken Griffey
95.1%
Cy Williams
95.1%
Ivan Rodriguez
95%
Sammy Sosa
94.5%
Lee May
94.2%
Jim Thome
94%
Reggie Jackson
93.9%
Mark McGwire
93.9%
Frank Robinson
93.6%
Mickey Mantle
93.6%
Brooks Robinson
93.5%
Frank Thomas
93.5%
Frank Thomas
93.5%
Gorman Thomas
93.3%
Manny Ramirez
93%
Aramis Ramirez
92.8%
Chipper Jones
91.9%
Lou Gehrig
91.9%
Andruw Jones
91.9%
Harmon Killebrew
91.5%
Mike Schmidt
91.4%
Rafael Palmeiro
90.6%
Jimmie Foxx
89.6%
Willie McCovey
89.6%
Eddie Murray
89.5%
Mel Ott
89.4%
Ernie Banks
89.4%
Jeff Bagwell
89%
Juan Gonzalez
88.9%
Luis Gonzalez
88.9%
Albert Pujols
88.6%
Gary Sheffield
88.6%
Joe Carter
88.5%
Gary Carter
88.5%
Johnny Bench
88.4%
Ryan Howard
88.4%
Willie Stargell
88.3%
Frank Howard
88.3%
Tino Martinez
88.3%
Edgar Martinez
88.3%
Stan Musial
87.8%
Cal Ripken
87.8%
Shawn Green
87.5%
Jose Canseco
87.4%
Fred McGriff
87.1%
Howard Johnson
86.9%
Bob Johnson
86.9%
Deron Johnson
86.8%
David Ortiz
86.7%
George Bell
86.7%
Eddie Mathews
86.2%
Chili Davis
85.7%
Larry Walker
85.7%
Eric Davis
85.7%
Mike Piazza
85.6%
Yogi Berra
85.5%
Vladimir Guerrero
85.2%
Albert Belle
85.1%
Andre Dawson
84.9%
Carlos Delgado
84.9%
Dave Winfield
84.8%
Joe DiMaggio
84.8%
George Brett
84.7%
Prince Fielder
84.2%
Cecil Fielder
84.2%
Hanley Ramirez
84%
Al Kaline
84%
Dwight Evans
83.3%
Darrell Evans
83.3%
Adam Jones
83.3%
Jim Rice
83.2%
Garret Anderson
83.2%
Adrian Gonzalez
83.2%
Carlos Gonzalez
83.2%
Dale Murphy
83.2%
Todd Helton
83.1%
Darryl Strawberry
83.1%
Carl Yastrzemski
82.9%
Derek Jeter
82.8%
Craig Biggio
82.4%
Dave Kingman
82.4%
Carlton Fisk
82.2%
Chris Davis
82.1%
Duke Snider
82.1%
Robin Yount
81.9%
Tony Perez
81.9%
Reggie Smith
81.9%
Andres Galarraga
81.8%
Will Clark
81.7%
Jack Clark
81.7%
Name % Correct
Victor Martinez
81.7%
J.D. Martinez
81.7%
Tony Clark
81.6%
Hank Greenberg
81.4%
Greg Vaughn
81.1%
Mo Vaughn
81.1%
Rickey Henderson
80.7%
Carlos Lee
80%
Derrek Lee
79.9%
Jason Giambi
79.9%
Hack Wilson
79.8%
Paul Konerko
79.7%
Ryne Sandberg
79.6%
Lance Berkman
79.3%
Adam Dunn
79.2%
Jeff Kent
78.9%
Nelson Cruz
78.6%
Jay Buhner
78.5%
Jim Edmonds
78.4%
Carlos Beltran
78.4%
Dave Parker
78.3%
Joe Morgan
78%
Adrian Beltre
77.9%
Jason Bay
77.8%
Ralph Kiner
77.8%
Roberto Clemente
77.5%
Ron Santo
77.3%
George Foster
77.3%
Miguel Cabrera
76.8%
Roger Maris
76.6%
Jose Bautista
76.3%
Steve Garvey
75.3%
Edwin Encarnacion
75.1%
Moises Alou
75%
Rogers Hornsby
75%
Orlando Cepeda
75%
Paul Molitor
74.8%
Graig Nettles
74.7%
Dante Bichette
74.5%
Mike Trout
74.1%
Kent Hrbek
73.7%
Ryan Braun
73.6%
Gary Gaetti
73.4%
Boog Powell
73.1%
Ron Cey
73%
Vinny Castilla
72.7%
Troy Glaus
72.2%
Alfonso Soriano
72.2%
David Justice
72.1%
Tim Salmon
71.8%
Mark Teixeira
71.5%
Jorge Posada
71.1%
Ellis Burks
70.9%
Harold Baines
70.8%
Jermaine Dye
70.6%
Bryce Harper
70.6%
Don Baylor
70.4%
Dick Allen
70.4%
Johnny Mize
70.3%
Ted Simmons
70.3%
Al Simmons
70.2%
Gil Hodges
70.2%
Don Mattingly
70.1%
Robinson Cano
69.9%
Curtis Granderson
69.7%
Norm Cash
69.2%
Fred Lynn
68.9%
Giancarlo Stanton
68.8%
Richie Sexson
68.2%
Paul O'Neill
68.2%
Cecil Cooper
67.9%
Roy Campanella
67.5%
Ron Gant
67.5%
Bobby Bonilla
67.3%
Lance Parrish
67.3%
Larry Parrish
67.3%
Rocky Colavito
67.2%
Miguel Tejada
66.9%
Dusty Baker
66.9%
Lou Whitaker
66.8%
Scott Rolen
66.7%
Greg Luzinski
66.6%
Torii Hunter
65.9%
Bret Boone
65.5%
Carlos Pena
65.1%
Joey Votto
64.9%
Paul Goldschmidt
64.9%
Jimmy Rollins
64.9%
Javy Lopez
64.8%
Magglio Ordonez
64.3%
Kirk Gibson
64.1%
Nomar Garciaparra
63.8%
Mark Reynolds
63.6%
Chuck Klein
62.5%
Joe Torre
62.5%
Kevin Mitchell
62.2%
Josh Donaldson
61.6%
Reggie Sanders
61.5%
Chase Utley
61.3%
Jesse Barfield
61.2%
Name % Correct
John Olerud
61%
Jay Bruce
60.5%
Bobby Abreu
60.4%
Willie Horton
60.3%
Justin Upton
60.3%
Ruben Sierra
60.1%
Dean Palmer
59.9%
Ken Caminiti
59.7%
Robin Ventura
59.7%
Vernon Wells
59.6%
Matt Holliday
59%
Ryan Zimmerman
58.9%
Troy Tulowitzki
58.8%
Brian McCann
58.5%
Johnny Damon
58.1%
Nolan Arenado
58.1%
Freddie Freeman
58.1%
Eric Karros
57.9%
Joe Adcock
57.8%
Jimmy Wynn
57.7%
Tony Armas
57.4%
Steve Finley
57.2%
Rusty Staub
57.2%
Evan Longoria
57.1%
Andrew McCutchen
57.1%
Tony Oliva
57%
Tim Wallach
57%
Ted Kluszewski
56.8%
Sal Bando
56.6%
Jayson Werth
56.3%
George Scott
55.6%
Eric Chavez
55.2%
Ryan Klesko
55.1%
Jeromy Burnitz
55%
Raul Ibanez
54.2%
Brian Giles
54%
Justin Morneau
53.7%
John Mayberry
53.6%
Gary Matthews
53.7%
Pat Burrell
53.4%
Matt Kemp
53.1%
Joe Gordon
53%
Bobby Doerr
52.9%
Rob Deer
52.9%
Mike Lowell
52.8%
David Wright
52.8%
Tom Brunansky
52.6%
Raul Mondesi
52.4%
Ken Boyer
52.1%
Todd Zeile
52.1%
Mickey Tettleton
51.9%
Bobby Thomson
51.3%
Hunter Pence
51.2%
Dan Uggla
51.2%
Brian Downing
50.9%
Danny Tartabull
50.8%
Roy Sievers
50.4%
Bobby Grich
50.4%
Ben Oglivie
50.3%
Nick Swisher
49.7%
Ken Singleton
49.5%
Bobby Murcer
49.5%
Bob Allison
48.6%
Larry Doby
48.6%
Rick Monday
47.6%
Jeff Burroughs
47.4%
Vada Pinson
47%
J.D. Drew
46.5%
Andre Thornton
46.4%
Ray Lankford
46.2%
Ian Kinsler
46.1%
Geoff Jenkins
44.9%
Earl Averill
44.8%
Travis Fryman
44.6%
Gabby Hartnett
44.6%
Doug DeCinces
44.3%
Goose Goslin
43.8%
Mike Cameron
43.8%
Matt Stairs
43.6%
Tony Batista
43.4%
Del Ennis
43.3%
Jose Valentin
43.2%
Hank Sauer
43.2%
Aubrey Huff
42.4%
Adam LaRoche
42.2%
Rudy York
42%
Mike Napoli
41.8%
George Hendrick
41%
Carlos Santana
40.8%
Marquis Grissom
40.2%
Vern Stephens
39.8%
Johnny Callison
38.4%
Hal Trosky
38.1%
Cliff Floyd
37.8%
Gus Zernial
36.5%
Vic Wertz
35.7%
Dick Stuart
33.5%
Wally Berger
33.1%
Dolph Camilli
32%
Bill Nicholson
30.2%

You're not logged in!

Compare scores with friends on all Sporcle quizzes.
OR
Log In

Sporcle TV

Today on Sporcle TV


Watch our educational content, quiz creation guides, and fun videos on Sporcle TV.

Show Comments

Extras

Top Quizzes Today


Score Distribution

Paid Content

Your Account Isn't Verified!

In order to create a playlist on Sporcle, you need to verify the email address you used during registration. Go to your Sporcle Settings to finish the process.

Report this User

Report this user for behavior that violates our Community Guidelines.

Details: